| 000 | 04161nam a2200241 4500 | ||
|---|---|---|---|
| 003 | NALT | ||
| 005 | 20250918091206.0 | ||
| 008 | 250917b th ||||| |||| 00| 0 tha d | ||
| 040 | _aNALT | ||
| 090 |
_aKD 251 _bภ644ก 2567 |
||
| 100 | 0 |
_aภูมิ มูลศิลป์. _923368 |
|
| 245 | 1 | 0 |
_aการพัฒนาสภาผู้แทนราษฎรให้เป็นองค์กรทางการเมืองของประชาชน = _bDeveloping the house of representative an institution for public political participation / _cภูมิ มูลศิลป์...[และคนอื่น ๆ] |
| 246 | 1 | 4 | _aรายงานวิจัยฉบับสมบูรณ์ เรื่อง การพัฒนาสภาผู้แทนราษฎรให้เป็นองค์กรทางการเมืองของประชาชน. |
| 260 |
_aกรุงเทพฯ : _bสำนักงานเลขาธิการสภาผู้แทนราษฎร, _c2567. |
||
| 300 |
_a162 หน้า : _bตาราง ; _c29 ซม. |
||
| 505 | 2 | _aบทที่ 1 บทนำ -- 1.1 ความเป็นมาและความสำคัญของปัญหา -- 1.2 วัตถุประสงค์ของการวิจัย -- 1.3 ขอบเขตการวิจัย -- 1.4 ผลที่คาดว่าจะได้รับ -- 1.5 ประโยชน์ที่คาดว่าจะได้รับ -- 1.6 กรอบความคิดการวิจัย -- บทที่ 2 การทบทวนวรรณกรรมและกรอบแนวคิดทฤษฎี -- 2.1 แนวคิดเกี่ยวกับองค์กรทางการเมือง -- 2.2 แนวคิดเกี่ยวกับการพัฒนาสภาผู้แทนราษฎร -- 2.3 แนวคิดเกี่ยวกับประชาธิปไตยผ่านผู้แทน -- 2.4 กระบวนการดำเนินงานของสภาผู้แทนราษฎรในการจัดการข้อปรึกษาหารือปัญหาที่เกี่ยวกับความเดือดร้อนของประชาชน -- 2.5 กระบวนการดำเนินงานของสภาผู้แทนราษฎรในการจัดการข้อปรึกษาหารือปัญหาที่เกี่ยวกับความเดือดร้อนของประชาชนในต่างประเทศ -- 2.6 งานวิจัยที่เกี่ยวข้อง -- บทที่ 3 ระเบียบวิธีการวิจัย -- 3.1 รูปแบบการวิจัย -- 3.2 ประชากรและกลุ่มตัวอย่างของการวิจัย -- 3.3 เครื่องมือที่ใช้ในการวิจัย -- 3.4 การตรวจสอบความน่าเชื่อถือของเครื่องมือที่ใช้ในการวิจัย -- 3.5 การเก็บรวบรวมข้อมูล -- 3.6 การวิเคราะห์ข้อมูล -- บทที่ 4 ผลการวิจัย -- 4.1 การนำเสนอผลการวิเคราะห์ข้อมูลเชิงปริมาณ -- 4.2 การนำเสนอผลการวิเคราะห์ข้อมูลเชิงคุณภาพ -- บทที่ 5 สรุปผลการวิจัย อภิปรายผล และข้อเสนอแนะ. | |
| 650 | 4 |
_aสภาผู้แทนราษฎร _xการพัฒนา _966586 |
|
| 942 |
_2local _cRSH |
||
| 996 |
_ajidapa.t _bACQSTF _c2025-09-17 |
||
| 996 |
_avaree.k _bLIBSTF _c2025-09-17 |
||
| 996 |
_asaiphon.d _bCATSTF _c2025-09-18 |
||
| 999 |
_c107204 _d107204 |
||
| 998 |
_j104 _k นางสาวสายฝน ดีงาม |
||